000 00484cam a2200193ua 4500
020 _c600/-
041 _aeng
_h
082 _a001.42
_bKUM/IM
100 _aKumari, Arunima .
245 _aIntroduction to research methodology /
_cKumar.
_hTextual Documents
250 _a1 /
_b.
260 _aUdaipur :
_bAgro-tech publishing academy ,
_c2008.
300 _a224 ;
_e`.
365 _a600/-
504 _a
942 _cBK
999 _c13075
_d13075